The Berlin-Strasbourg apocryphon : a coptic apostolic memoir /

محفوظ في:

المؤلف الرئيسي: Suciu, Alin, 1978- (مؤلف)

التنسيق: كتاب

اللغة: English

منشور في: Tübingen : Mohr Siebeck, [2017].

سلاسل: Wissenschaftliche Untersuchungen zum Neuen Testament ; 370.

الموضوعات:

الوسوم: إضافة وسم

لا توجد وسوم, كن أول من يضع وسما على هذه التسجيلة!

رقم الطلب: BS2832 .S835 2017

LEADER 01079nam a2200241Ia 4500
003 OSt
005 20251019111944.0
008 220401s2017 gw bm 001 0 eng d
020 |a 9783161551062 
040 |c ARCE Library 
050 4 |a BS2832 .S835 2017 
100 1 |a Suciu, Alin,   |d 1978-   |e author 
245 1 4 |a The Berlin-Strasbourg apocryphon :   |b a coptic apostolic memoir /  |c Alin Suciu. 
264 1 |a Tübingen :   |b Mohr Siebeck,   |c [2017]. 
300 |a ix, 241 pages ;   |c 24 cm. 
490 0 |a Wissenschaftliche Untersuchungen zum Neuen Testament ;   |v 370. 
500 |a Based on thesis (PhD) - Université Laval, Québec, 2013. 
504 |a Includes bibliographical references and indexes. 
505 0 |a History of research on the Berlin-Strasbourg Apocryphon -- The manuscripts -- The content of the Berlin-Strasbourg Apocryphon and the relationship between the manuscripts -- The place of the Berlin-Strasbourg Apocryphon in coptic literature -- Text and translation. 
650 0 |a Apocryphal books (New Testament) 
901 |a reviewed 
942 |2 lcc  |c BK 
999 |c 47081  |d 47081